Countries that have direct flights to and from India - Statistics

General Stats
  • This quiz has been taken 45 times
  • The average score is 52 of 61
Answers on the Map
Answers color-coded by a green-red scale on the quiz's map according to % correct below.
 
Answer Stats
Hint Country % Correct
12 Canada
100%
13 China
100%
18 France
100%
37 Nepal
100%
57 United Kingdom
100%
58 United States
100%
7 Bangladesh
97%
26 Italy
97%
27 Japan
97%
43 Russia
97%
56 United Arab Emirates
97%
3 Australia
94%
20 Germany
94%
22 Indonesia
94%
23 Iran
94%
39 Oman
94%
44 Saudi Arabia
94%
47 South Korea
94%
48 Sri Lanka
94%
29 Kazakhstan
92%
40 Philippines
92%
42 Qatar
92%
53 Türkiye
92%
59 Uzbekistan
92%
60 Vietnam
92%
9 Bhutan
89%
15 Egypt
89%
24 Iraq
89%
33 Malaysia
89%
36 Myanmar
89%
38 Netherlands
89%
41 Poland
89%
52 Thailand
89%
11 Cambodia
86%
31 Kuwait
86%
49 Switzerland
86%
54 Turkmenistan
86%
25 Israel
83%
34 Maldives
83%
50 Tajikistan
83%
4 Austria
81%
6 Bahrain
81%
28 Jordan
81%
32 Kyrgyzstan
81%
1 Afghanistan
78%
5 Azerbaijan
78%
14 Denmark
78%
16 Ethiopia
78%
21 Greece
78%
46 Singapore
78%
2 Armenia
72%
19 Georgia
72%
30 Kenya
72%
17 Finland
69%
45 Seychelles
69%
61 Yemen
69%
35 Mauritius
67%
10 Brunei
61%
51 Tanzania
61%
8 Belarus
47%
55 Uganda
47%
No matching quizzes found
Score Distribution
Percent of People with Each Score
Percentile by Number Answered
Your Score History
You have not taken this quiz